An introduction to Anglo-Saxon England. (Record no. 5922)
[ view plain ]
| 000 -LEADER | |
|---|---|
| fixed length control field | 00790nam a22001331 4500 |
| 050 0# - CALL NUMBER | |
| Classification number | DA152 |
| Item number | .H87 |
| 100 10 - AUTHOR | |
| Personal name | Hunter Blair, Peter, |
| 245 03 - TITLE | |
| Title | An introduction to Anglo-Saxon England. |
| 260 0# - PUBLICATION INFORMATION | |
| Place of publication | Cambridge [Eng.] |
| Name of publisher | University Press, |
| Year of publication | 1956. |
| 300 ## - DESCRIPTION | |
| Number of Pages | 381 p. |
| Other physical details | illus. |
| Dimensions | 23 cm. |
| 505 ## - FORMATTED CONTENTS NOTE | |
| Table of Content | List of plates Page xiii<br/>List of maps xv<br/>List of text-figures xvi<br/>Chapter 1 The foundations of England<br/>Chapter 2 Britain and the Vikings<br/>Chapter 3 The Church<br/>Chapter 4 Government<br/>Chapter 5 Economy<br/>Chapter 6 Economy<br/>Chapter 7 Letters<br/>Bibliography 364<br/>Index 373 |
| 650 #0 - SUBJECTS | |
| Topical Term | Anglo-Saxons. |
| 942 ## - ADDED ENTRY ELEMENTS (KOHA) | |
| Koha item type | Books |
| Withdrawn status | Lost status | Home library | Current library | Shelving location | Date acquired | Full call number | Accession Number | Koha item type |
|---|---|---|---|---|---|---|---|---|
| Methodist University Library Main | Methodist University Library Main | General Stacks | 15/09/2015 | DA152 .H87 | 1588 | Books |